Nadnárodná harmonizácia účtovníctva
Transformácia účtovníctva v Slovenskej republike. Nadnárodná harmonizácia účtovníctva. Medzinárodné účtovné štandardy a všeobecne uznávané účtovné zásady. IASC (International Accounting Standards Commitee) organizácia so sídlom v Londýne, ktorá sa zaoberá nadnárodnou harmonizáciou účtovníctva.
Gespeichert in:
| 1. Verfasser: | |
|---|---|
| Format: | Buchkapitel |
| Sprache: | Slowakisch |
| Schlagworte: | |
| Tags: |
Keine Tags, Fügen Sie das erste Tag hinzu!
|
MARC
| LEADER | 00000naa$a2200000$$$4500 | ||
|---|---|---|---|
| 001 | 0031825 | ||
| 005 | 20221207122148.3 | ||
| 041 | 0 | |a slo | |
| 044 | |a SK | ||
| 245 | 1 | 0 | |a Nadnárodná harmonizácia účtovníctva |c Mária Kolmanová |
| 520 | |a Transformácia účtovníctva v Slovenskej republike. Nadnárodná harmonizácia účtovníctva. Medzinárodné účtovné štandardy a všeobecne uznávané účtovné zásady. IASC (International Accounting Standards Commitee) organizácia so sídlom v Londýne, ktorá sa zaoberá nadnárodnou harmonizáciou účtovníctva. | ||
| 610 | 2 | 0 | |a účtovníctvo |
| 610 | 2 | 0 | |a transformácia |
| 610 | 2 | 0 | |a harmonizácia |
| 610 | 2 | 0 | |a Slovensko |
| 610 | 2 | 0 | |a účtovníctvo medzinárodné |
| 610 | 2 | 0 | |a štandardy účtovné medzinárodné |
| 610 | 2 | 0 | |a závierka účtovná |
| 100 | 1 | |a Kolmanová, Mária | |